Recent trends in the rubber industry (Record no. 66509)

MARC details
000 -LEADER
fixed length control field 00408nam a2200157Ia 4500
100 ## - MAIN ENTRY--AUTHOR NAME
Personal name ajumpasut Prachaya
245 #0 - TITLE STATEMENT
Title Recent trends in the rubber industry
260 ## - PUBLICATION, DISTRIBUTION, ETC. (IMPRINT)
Name of publisher Rubber Technology International99
300 ## - PHYSICAL DESCRIPTION
Number of Pages 15-Nov
650 ## - SUBJECT ADDED ENTRY--TOPICAL TERM
Topical Term Asian crisis
650 ## - SUBJECT ADDED ENTRY--TOPICAL TERM
Topical Term End use products
650 ## - SUBJECT ADDED ENTRY--TOPICAL TERM
Topical Term Recycling
650 ## - SUBJECT ADDED ENTRY--TOPICAL TERM
Topical Term Rubber industry
942 ## - ADDED ENTRY ELEMENTS (KOHA)
Koha item type Journals
Holdings
Withdrawn status Lost status Damaged status Not for loan Home library Current library Shelving location Date acquired Koha item type
      Journals RRII Library RRII Library Agricultural economics 17/12/2021 Journals